000 00969nas a2200313 4500
001 BR2020000661
003 BR-BrBNA
005 20231205132051.0
007 ta
008 230509b bl.|||p| |||| 00| 00por d
040 _aBR-BrBNA
_bpor
_cBiblioteca Nacional de Agricultura
041 _a(Pt)
072 _aD50; F01
100 1 _aCarvalho, S.A. de
245 1 _aRegulamentação atual da Agência de Defesa Agropecuária para produção, estocagem, comércio, transporte e plantio de mudas cítricas no estado de São Paulo
650 _aCITROS
650 _aLEGISLAÇÃO
650 _aREGULAMENTAÇÃO
650 _aNORMALIZAÇÃO
650 _aCERTIFICAÇÃO DE MUDA
650 _aMUDA
650 _aPRODUÇÃO
650 _aTRANSPORTE
650 _aESTOCAGEM
650 _aPLANTIO
773 0 _tLaranja (Brazil)
_xISSN 0102-1907
_g(2003), v.24(1) p. 199-239
_wBR2020000661
909 _a202311
_bLúcia
_c55
_dLúcia Elande
942 _2AGRIS
_n0
_cANA
999 _c258278
_d258278